• 首页
  • 本馆介绍
  • 公告通知
  • 最新文献
  • 馆藏检索
  • 电子资源
  • 读者导购
  • 参考咨询
  • 我的图书馆
  • 登录
  • 详细信息显示
  • 放入我的书架
  • 预约/预借图书
  • 作者相关作品
  • 分类相关作品
  • 丛书相关作品
  • 出版社相关作品

书目信息

  • 表格格式
  • 工作单格式
  • 卡片格式
题名:
Linux网络体系结构
    
 
作者: 威尔 著 ;汪青青 , 卢祖英 译
分册:  
出版信息: 北京   清华大学出版社  2006
页数: 17,489页
开本: 26cm
丛书名:
单 册:
中图分类: TP316.81
科图分类:
主题词: UNIX操作系统 , 程序设计 , UNIX操作系统--程序设计
电子资源:
ISBN: 7-302-13019-1
000 01477nam0 2200349 450
001 003198336
005 20070803144907.28
010    @a7-302-13019-1@dCNY59.00
100    @a20060104d2006 em y0chiy0110 ea
101 1  @achi@cmul
102    @aCN@b110000
105    @ay z 000yy
200 1  @aLinux网络体系结构@9Linux wang luo ti xi jie gou@eLinux内核中网络协议的设计与实现@fKlaus Wehrle[等]著@g汪青青,卢祖英译
210    @a北京@c清华大学出版社@d2006
215    @a17,489页@d26cm
300    @a国外经典教材·计算机科学与技术
304    @a著者还有:Frank Pahlke、Hartmut Ritter、Daniel Muller、Marc Bechler
305    @a由Prentice-Hall授权出版
312    @a封面英文题名:The Linux network architecture: design and implementation of network protocols in the Linux kernel
330    @a本书介绍Linux内核的网络子系统架构,内容包括Linux内核、网络实现的体系结构、第Ⅰ+Ⅱ层——介质访问和逻辑链路层、网络层等。
510 1  @aLinux network architecture@edesign and implementation of network protocols in the Linux kernel@zeng
517 1  @aLinux内核中网络协议的设计与实现@9Linux nei he zhong wang lao xie yi de she ji yu shi xian
606 0  @aUNIX操作系统
606 0  @a程序设计
606 0  @aUNIX操作系统@x程序设计
610 0  @aLinux
690    @aTP316.81@v4
701  0 @a威尔@9wei er@c(Wehrle, Klaus)@4著
702  0 @a汪青青@9wang qing qing@c(计算机)@4译
702  0 @a卢祖英@9lu zu ying@4译
801  0 @aCN@bNLC@c20070803
905    @a10447@dTP316.81@e127
    
    Linux网络体系结构:Linux内核中网络协议的设计与实现/Klaus Wehrle[等]著/汪青青,卢祖英译.-北京:清华大学出版社,2006
    17,489页;26cm
    国外经典教材·计算机科学与技术
    
    ISBN 7-302-13019-1:CNY59.00
    本书介绍Linux内核的网络子系统架构,内容包括Linux内核、网络实现的体系结构、第Ⅰ+Ⅱ层——介质访问和逻辑链路层、网络层等。
●
相关链接 在E读中查询图书 在五车中查询图书 在当当中查询图书 在豆瓣中查询图书


正题名:Linux网络体系结构     索取号:TP316.81/127         预约/预借

序号 登录号 条形码 馆藏地/架位号 状态 备注
1 0801547   208015477   第二样本阅览室/ [索取号:TP316.81/127] 在馆    
2 0801548   208015486   第三借阅区/ [索取号:TP316.81/127] 在馆    
3 0801549   208015495   第三借阅区/ [索取号:TP316.81/127] 在馆    
4 0801550   208015501   第三借阅区/ [索取号:TP316.81/127] 在馆    
5 0801551   208015510   第三借阅区/ [索取号:TP316.81/127] 在馆    
唐山师范学院图书馆 欢迎您!
大连网信软件有限公司© 版权所有